Countries by Picture of a Famous Landmark - Statistics

General Stats
  • This quiz has been taken 31 times
  • The average score is 13 of 20
Answer Stats
Picture Answer % Correct
China
100%
France
100%
India
100%
United States
100%
Egypt
93%
Australia
89%
Greece
86%
Italy
86%
Russia
86%
Peru
82%
Italy
79%
Chile
64%
Jordan
46%
Zimbabwe
46%
Cambodia
43%
United Kingdom
39%
Thailand
36%
France
29%
Ireland
29%
Israel
4%
No matching quizzes found
Score Distribution
Percent of People with Each Score
Percentile by Number Answered
Your Score History
You have not taken this quiz